Monographie des pies-grièches du genre Lanius. (Record no. 2003)

MARC details
000 -LEADER
fixed length control field 00791cam a22002291 4500
001 - CONTROL NUMBER
control field af 47003060
003 - CONTROL NUMBER IDENTIFIER
control field DLC
005 - DATE AND TIME OF LATEST TRANSACTION
control field 20260227110817.0
008 - FIXED-LENGTH DATA ELEMENTS--GENERAL INFORMATION
fixed length control field 800611s1944 fr abf b 000 0 fre c
010 ## - LIBRARY OF CONGRESS CONTROL NUMBER
LC control number af 47003060
035 ## - SYSTEM CONTROL NUMBER
System control number (OCoLC)6410193
040 ## - CATALOGING SOURCE
Original cataloging agency Harvard univ. Library
Transcribing agency TxCM
Modifying agency OCoLC
-- DLC
042 ## - AUTHENTICATION CODE
Authentication code premarc
050 00 - LIBRARY OF CONGRESS CALL NUMBER
Classification number QL696.P2
Item number O55
100 1# - MAIN ENTRY--PERSONAL NAME
Personal name Olivier, Georges G. F.
245 10 - TITLE STATEMENT
Title Monographie des pies-grièches du genre Lanius.
Statement of responsibility, etc. Préface de J. Berlioz ...
260 ## - PUBLICATION, DISTRIBUTION, ETC.
Place of publication, distribution, etc. Rouen,
Name of publisher, distributor, etc. Lecerf,
Date of publication, distribution, etc. 1944.
300 ## - PHYSICAL DESCRIPTION
Extent 4 p. l., [11]-326 p.
Other physical details col. front., illus. (incl. maps) XIV (i.e. 17) pl. (part col.) double diagr.
Dimensions 25 cm.
500 ## - GENERAL NOTE
General note Some plates accompanied by leaves with explanatory letterpress.
504 ## - BIBLIOGRAPHY, ETC. NOTE
Bibliography, etc. note "Bibliographie": p. [301]-317.
650 #0 - SUBJECT ADDED ENTRY--TOPICAL TERM
Topical term or geographic name entry element Shrikes.

No items available.

Powered by Koha